000 00275nam a2200121Ia 4500
008 190216s9999||||xx |||||||||||||| ||und||
100 _aNull
245 0 _aHindi-Hourath Ke Hakmem
260 _bPoomkavanam Books Publishers
300 _a192
650 _aHindi
942 _cBK
999 _c15790
_d15790